| 000 | 01278cam a2200325 i 4500 | ||
|---|---|---|---|
| 999 |
_c1421 _d1421 |
||
| 001 | .b54013598 | ||
| 003 | OSt | ||
| 005 | 20221229125354.0 | ||
| 008 | 150521s2016 nyua j b 001 0 eng c | ||
| 010 | _a2015020021 | ||
| 020 |
_a9780531225127 _q(pbk. ; _qalk. paper) |
||
| 040 |
_aNJQ/DLC _beng _cNJQ _erda _dDLC _dNTNU _dKH8 |
||
| 042 | _anbic | ||
| 082 | 0 |
_a372.4 SQU _bSi65.1 |
|
| 100 | 1 |
_aSquire, Ann, _eauthor. |
|
| 245 | 1 | 0 |
_aSinkholes / _cAnn O. Squire. |
| 264 | 1 |
_aNew York : _bChildren's Press, an imprint of Scholastic Inc., _c2016. |
|
| 300 |
_a48 pages : _bcolor illustrations ; _c22 cm. |
||
| 336 |
_atext _2rdacontent. |
||
| 337 |
_aunmediated _2rdamedia. |
||
| 338 |
_avolume _2rdacarrier. |
||
| 490 | 1 | _aA true book. | |
| 504 | _aIncludes bibliographical references (page 45) and index. | ||
| 505 | 0 | _aWhat on Earth? -- Holes in the ground -- The big truth - sinkholes in the Dead Sea -- Natural and unnatural causes -- Amazing sinkholes around the world -- Is it possible to predict sinkholes? | |
| 520 |
_a"Learn all about sinkholes, from how they are formed to how they can affect people around the world"-- _cProvided by publisher. |
||
| 521 | _aLexile 910. | ||
| 650 | 0 |
_aSinkholes _vJuvenile literature. |
|
| 830 | 0 | _aTrue book. | |
| 942 |
_2ddc _cNFIC |
||